000 003980000a22001450004500
005 20120302060356.0
942 _cBOOK
100 _a Chitnis,Malhaar Ramrao
245 _a Shakakarte Sri-Shiv Chatrapati Maharaj Yanche Saptaprakaranaatmak Charitra
260 _aPune:Kaashinath Naarayan Saane,1924.
300 _a12,376p.
040 _aMAR
650 _aCharitra
650 _aSri Shiv Chatrapati
999 _c351006
_d351003